header

Achieving inventory accuracy (Record no. 212858)

MARC details
000 -LEADER
fixed length control field 01219nam a22002894a 4500
082 04 - DEWEY DECIMAL CLASSIFICATION NUMBER
Classification number 658.7/87
100 1# - MAIN ENTRY--AUTHOR NAME
Personal name Sheldon, Donald H.
245 10 - TITLE STATEMENT
Title Achieving inventory accuracy
260 ## - PUBLICATION, DISTRIBUTION, ETC. (IMPRINT)
Place of publication [Boca Raton, FL?] :
Name of publisher J. Ross Pub. ;
Place of publication Alexandria, VA :
Name of publisher APICS, The Educational Society for Resource Management,
Year of publication c2004.
300 ## - PHYSICAL DESCRIPTION
Number of Pages xvi, 208 p. :
Other physical details ill.
500 ## - GENERAL NOTE
General note Includes index.
650 #0 - SUBJECT ADDED ENTRY--TOPICAL TERM
Topical Term Inventory control.
856 40 - ELECTRONIC LOCATION AND ACCESS
Uniform Resource Identifier http://site.ebrary.com/lib/rucke/Doc?id=10124725

No items available.

© 2026 Rongo University
Contact us: librarian | system librarian | Rongo university